000 01467nam1a22003011 4500
001 rc\3236425
005 20130115141928.4
035 _a(NLR Aleph) 007474003
090 _a7446568
_c7446568
100 _a20130115g1972 |||y0rusy50 ca
101 0 _arus
102 _aRU
105 _a z |||||
200 1 _aКонспект лекций по специальному курсу "Электрометаллургия стали и ферросплавов"
_eЧ. 1-
_fМ-во высш. и сред. спец. образования УССР. Днепропетр. металлург. ин-т. Кафедра электрометаллургии
210 _aДнепропетровск
_cБ. и.
_d1972-
215 _d19
300 _aПеред загл. авт.: С.И. Хитрик, М.И. Гасик, Б.И. Емлин
532 1 3 _aКонспект лекций по специальному курсу Электрометаллургия стали и ферросплавов
606 _aСталь
_xЭлектрометаллургия
_2psbo
606 _aФерросплавы
_xЭлектрометаллургия
_2psbo
700 1 _aХитрик
_bС. И.
_gСпиридон Иванович
701 1 _aЕмлин
_bБ. И.
_gБорис Иванович
701 1 _aГасик
_bМ. И.
_gМихаил Иванович
801 0 _aRU
_bNLR
_gpsbo
801 1 _aRU
_bELAR
_2rusmarc
852 _aNLR
_j72-3/12899
942 _cBOOK
980 _aNB